What a wonderful world [CD/sound recording] / ... Read More
Available copies
- 1 of 1 copy available at LARL/NWRL Consortium.
- 1 of 1 copy available at Northwest Regional Library. (Show preferred library)
Current holds
0 current holds with 1 total copy.
Show Only Available Copies
| Location | Call Number / Copy Notes | Barcode | Shelving Location | Status | Due Date |
|---|---|---|---|---|---|
| Godel Memorial-Warren Library | CD 781.65 ARM (Text) | 35500005312127 | Main | Available | - |
Record details
- Physical Description: 1 sound disc : digital ; 4 3/4 in. + program ... Read More
- Publisher: New York, NY : GRP Records, c1996, p1988.
Content descriptions
| General Note: | Originally released 1968 as ABC Records LP (ABCS-650). Notes by John F. Szwed and Bob Thiele in booklet ( 6p.). |
| Formatted Contents Note: | What a wonderful world (2:16) -- Cabaret (2:44) -- ... Read More |
| Creation/Production Credits Note: | Originally produced by Bob Thiele. |
| Participant or Performer Note: | Louis Armstrong, trumpet and vocals ; with ... Read More |
| Date/Time and Place of an Event Note: | Recorded in New York and Las Vegas in 1968. |
Search for related items by subject
| Subject: | Jazz > 1961-1970. |
| Genre: | Jazz vocals. Compact discs. |
Search for related items by series
| LDR | 01634cjm a2200349Ia 4500 | ||
|---|---|---|---|
| 001 | 67726 | ||
| 003 | LARL_NWRL_CONSORTIUM | ||
| 005 | 20060403153511.0 | ||
| 007 | sd fungnn---ed | ||
| 008 | 961216p19961968nyujzn fi eng d | ||
| 024 | 1 | . | ‡a011105065627 |
| 028 | 0 | 2. | ‡aGRD-656 ‡bGRP |
| 035 | . | ‡a(OCoLC)36095028 | |
| 082 | 4. | ‡a781.65 | |
| 090 | . | ‡aML419.A75 ‡bW438 1996 | |
| 100 | 1 | . | ‡aArmstrong, Louis, ‡d1901-1971. ‡0(LARL_NWRL_CONSORTIUM)45792 |
| 245 | 1 | 0. | ‡aWhat a wonderful world ‡h[CD/sound recording] / ‡cLouis Armstrong. |
| 260 | . | ‡aNew York, NY : ‡bGRP Records, ‡cc1996, p1988. | |
| 300 | . | ‡a1 sound disc : ‡bdigital ; ‡c4 3/4 in. + ‡eprogram notes. | |
| 490 | 0 | . | ‡aDecca jazz |
| 511 | 0 | . | ‡aLouis Armstrong, trumpet and vocals ; with instrumental accompaniment. |
| 508 | . | ‡aOriginally produced by Bob Thiele. | |
| 518 | . | ‡aRecorded in New York and Las Vegas in 1968. | |
| 500 | . | ‡aOriginally released 1968 as ABC Records LP (ABCS-650). | |
| 500 | . | ‡aNotes by John F. Szwed and Bob Thiele in booklet ( 6p.). | |
| 505 | 0 | 0. | ‡tWhat a wonderful world ‡g(2:16) -- ‡tCabaret ‡g(2:44) -- ‡tHome fire ‡g(3:12) -- ‡tDream a little dream of me ‡g(3:14) -- ‡tGive me your kisses ‡g(1:54) -- ‡tSunshine of love ‡g(2:52) -- ‡tHello brother ‡g(3:28) -- ‡tThere must be a way ‡g(3:04) -- ‡tFantastic, that's you ‡g(2:54) -- ‡tI guess I'll get the papers and go home ‡g(2:42) -- ‡tHellzapoppin' ‡g(2:32). |
| 650 | 0. | ‡aJazz ‡y1961-1970. ‡0(LARL_NWRL_CONSORTIUM)37643 | |
| 655 | 0. | ‡aJazz vocals. | |
| 655 | 0. | ‡aCompact discs. | |
| 901 | . | ‡a67726 ‡bOCLC ‡c67726 ‡tbiblio | |

Add to basket
Permalink
Disable Highlighting